Strategisches Internationales Marketing

Gespeichert in:
Bibliographische Detailangaben
1. Verfasser: Meissner, Hans Günter
Format: Buch
Sprache:Deutsch
Veröffentlicht: Berlin Springer 1988
Ausgabe:1. Aufl.
Tags: Tag hinzufügen
Keine Tags, Fügen Sie das erste Tag hinzu!

MARC

LEADER 00000nam a2200000 4500
001 c025367
005 20221219111322.9
041 0 |a ger 
044 |a DE 
245 1 0 |a Strategisches Internationales Marketing  |c Hans Günter Meissner 
250 |a 1. Aufl. 
264 1 |a Berlin  |b Springer  |c 1988 
300 |a 188 s. 
100 1 |a Meissner, Hans Günter